LEADER 01241nam--2200361---450- 001 990001599670203316 005 20090429161456.0 035 $a000159967 035 $aUSA01000159967 035 $a(ALEPH)000159967USA01 035 $a000159967 100 $a20040423d1960----km-y0itay0103----ba 101 0 $aita 102 $aIT 105 $a||||||||001yy 200 1 $aStato giuridico e trattamento economico dei professori non di ruolo$eraccolta completa e commento delle disposizioni e della giurisprudenza$fRoberto Giannarelli 210 $aFirenze$cLe Monnier$d1960 215 $aX, 163 p.$d21 cm 225 2 $aCollana di legislazione scolastica 410 0$12001$aCollana di legislazione scolastica 454 1$12001 461 1$1001-------$12001 700 1$aGIANNARELLI,$bRoberto $0158957 801 0$aIT$bsalbc$gISBD 912 $a990001599670203316 951 $aXXIV.3.Q 43 (IX E Coll 1/2)$b51540 L.M.$cIX E Coll$d00205589 959 $aBK 969 $aGIU 979 $aSIAV5$b10$c20040423$lUSA01$h1550 979 $aRSIAV2$b90$c20090414$lUSA01$h1143 979 $aRSIAV1$b90$c20090429$lUSA01$h1614 996 $aStato giuridico e trattamento economico dei professori non di ruolo$9939371 997 $aUNISA